=LDR 00000nam 2200000 4500 =001 INLIS000000000019492 =005 20130612114539 =008 ***********************************Ind** =035 ##$$0010-061300000019492 =041 ##$$a Ind =082 ##$$a F Rom K =090 ##$$a F Rom K, Has p =100 ##$$a Hasyim, Harlia =245 ##$$a Pelangi ranger, Harlia Hasyim =260 ##$$a 2005 $b Bandung =300 ##$$a 24 hlm, ilus, 17 cm =650 ##$$a Fiksi kanak-kanak =850 ##$$a NBPNMAT